<?xml version="1.0" encoding="UTF-8"?>
<record
    xmlns:xsi="http://www.w3.org/2001/XMLSchema-instance"
    xsi:schemaLocation="http://www.loc.gov/MARC21/slim http://www.loc.gov/standards/marcxml/schema/MARC21slim.xsd"
    xmlns="http://www.loc.gov/MARC21/slim">

  <leader>00361nam a2200145Ia 4500</leader>
  <controlfield tag="008">150201s2013    xx            000 0 und d</controlfield>
  <datafield tag="082" ind1=" " ind2=" ">
    <subfield code="a">610.734</subfield>
    <subfield code="b">P13R</subfield>
  </datafield>
  <datafield tag="100" ind1=" " ind2=" ">
    <subfield code="a">ROY , RABINDERA NATH</subfield>
  </datafield>
  <datafield tag="245" ind1=" " ind2=" ">
    <subfield code="a">TB. OF PREVENTIVE AND SOCIAL MEDICINE</subfield>
  </datafield>
  <datafield tag="250" ind1=" " ind2=" ">
    <subfield code="a">4TH</subfield>
  </datafield>
  <datafield tag="260" ind1=" " ind2=" ">
    <subfield code="b">JAYPEE</subfield>
    <subfield code="a">DELHI</subfield>
    <subfield code="c">2013</subfield>
  </datafield>
  <datafield tag="300" ind1=" " ind2=" ">
    <subfield code="a">703</subfield>
  </datafield>
  <datafield tag="650" ind1=" " ind2=" ">
    <subfield code="a">COMMUNITy NURSING</subfield>
  </datafield>
  <datafield tag="942" ind1=" " ind2=" ">
    <subfield code="2">ddc</subfield>
    <subfield code="c">BK</subfield>
  </datafield>
  <datafield tag="952" ind1=" " ind2=" ">
    <subfield code="0">0</subfield>
    <subfield code="1">0</subfield>
    <subfield code="2">ddc</subfield>
    <subfield code="4">0</subfield>
    <subfield code="7">0</subfield>
    <subfield code="8">NURSING</subfield>
    <subfield code="a">FM</subfield>
    <subfield code="b">FM</subfield>
    <subfield code="c">TXT</subfield>
    <subfield code="d">2013-01-28</subfield>
    <subfield code="e">NBM DELHI</subfield>
    <subfield code="g">695.00</subfield>
    <subfield code="i">SGTU</subfield>
    <subfield code="l">1</subfield>
    <subfield code="o">610.734 P13R</subfield>
    <subfield code="p">FN696</subfield>
    <subfield code="r">2019-12-23 00:00:00</subfield>
    <subfield code="s">2019-12-20</subfield>
    <subfield code="w">2013-01-28</subfield>
    <subfield code="y">BK</subfield>
    <subfield code="k">1345</subfield>
  </datafield>
  <datafield tag="952" ind1=" " ind2=" ">
    <subfield code="0">0</subfield>
    <subfield code="1">0</subfield>
    <subfield code="2">ddc</subfield>
    <subfield code="4">0</subfield>
    <subfield code="7">0</subfield>
    <subfield code="8">NURSING</subfield>
    <subfield code="a">FM</subfield>
    <subfield code="b">FM</subfield>
    <subfield code="c">TXT</subfield>
    <subfield code="d">2013-01-28</subfield>
    <subfield code="e">NBM DELHI</subfield>
    <subfield code="g">695.00</subfield>
    <subfield code="i">SGTU</subfield>
    <subfield code="l">0</subfield>
    <subfield code="o">610.734 P13R</subfield>
    <subfield code="p">FN697</subfield>
    <subfield code="r">2018-09-14 00:00:00</subfield>
    <subfield code="w">2013-01-28</subfield>
    <subfield code="y">BK</subfield>
    <subfield code="k">1345</subfield>
  </datafield>
  <datafield tag="952" ind1=" " ind2=" ">
    <subfield code="0">0</subfield>
    <subfield code="1">0</subfield>
    <subfield code="2">ddc</subfield>
    <subfield code="4">0</subfield>
    <subfield code="7">0</subfield>
    <subfield code="8">NURSING</subfield>
    <subfield code="a">FM</subfield>
    <subfield code="b">FM</subfield>
    <subfield code="c">TXT</subfield>
    <subfield code="d">2013-01-28</subfield>
    <subfield code="e">NBM DELHI</subfield>
    <subfield code="g">695.00</subfield>
    <subfield code="i">SGTU</subfield>
    <subfield code="l">0</subfield>
    <subfield code="o">610.734 P13R</subfield>
    <subfield code="p">FN698</subfield>
    <subfield code="r">2015-02-09 00:00:00</subfield>
    <subfield code="w">2013-01-28</subfield>
    <subfield code="y">BK</subfield>
    <subfield code="k">1345</subfield>
  </datafield>
  <datafield tag="952" ind1=" " ind2=" ">
    <subfield code="0">0</subfield>
    <subfield code="1">0</subfield>
    <subfield code="2">ddc</subfield>
    <subfield code="4">0</subfield>
    <subfield code="7">0</subfield>
    <subfield code="8">NURSING</subfield>
    <subfield code="a">FM</subfield>
    <subfield code="b">FM</subfield>
    <subfield code="c">TXT</subfield>
    <subfield code="d">2013-01-28</subfield>
    <subfield code="e">NBM DELHI</subfield>
    <subfield code="g">695.00</subfield>
    <subfield code="i">SGTU</subfield>
    <subfield code="l">0</subfield>
    <subfield code="o">610.734 P13R</subfield>
    <subfield code="p">FN699</subfield>
    <subfield code="r">2015-02-09 00:00:00</subfield>
    <subfield code="w">2013-01-28</subfield>
    <subfield code="y">BK</subfield>
    <subfield code="k">1345</subfield>
  </datafield>
  <datafield tag="952" ind1=" " ind2=" ">
    <subfield code="0">0</subfield>
    <subfield code="1">0</subfield>
    <subfield code="2">ddc</subfield>
    <subfield code="4">0</subfield>
    <subfield code="7">0</subfield>
    <subfield code="8">NURSING</subfield>
    <subfield code="a">FM</subfield>
    <subfield code="b">FM</subfield>
    <subfield code="c">TXT</subfield>
    <subfield code="d">2013-01-28</subfield>
    <subfield code="e">NBM DELHI</subfield>
    <subfield code="g">695.00</subfield>
    <subfield code="i">SGTU</subfield>
    <subfield code="l">1</subfield>
    <subfield code="o">610.734 P13R</subfield>
    <subfield code="p">FN700</subfield>
    <subfield code="r">2017-10-09 00:00:00</subfield>
    <subfield code="s">2017-09-19</subfield>
    <subfield code="w">2013-01-28</subfield>
    <subfield code="y">BK</subfield>
    <subfield code="k">1345</subfield>
  </datafield>
  <datafield tag="999" ind1=" " ind2=" ">
    <subfield code="c">2063</subfield>
    <subfield code="d">2063</subfield>
  </datafield>
</record>
